000 00445nam a2200145Ia 4500
008 151213s9999 xx 000 0 und d
100 _aed. By - Ania Lomba & Martin Orkin
245 _aPost - Colonial Shakespeare
_ced. By - Ania Lomba & Martin Orkin
260 _aLondon
_bRauttedge
_c1998
300 _a3573 p.
650 _aEnglish Literature
650 _aEnglish Literature
700 _aed. By - Ania Lomba & Martin Orkin
999 _c2376
_d2376